000 00304nam a22001337a 4500
008 180117b xxu||||| |||| 00| 0 eng d
020 _a0893910651
041 _aeng
080 _a321
100 _a19
101 _aSHP
245 _aCulture, Communication and Dependency
_cInnis, H.A
942 _2udc
_cBK
999 _c40401
_d40401